[Event "Deutsche Ländermeisterschaft 2012"]
[Site "Hannover GER"]
[Date "2012.09.29"]
[Round "1"]
[White "Graf, Clara Victoria"]
[Black "Liez, Tatjana"]
[Result "1-0"]
[Termination "normal"]
[Board "3.8"]
[WhiteTitle "12w"]
[BlackTitle "16w"]
[WhiteElo "1740"]
[BlackElo "1532"]
[WhiteTeam "Hessen 1"]
[BlackTeam "Hessen 2"]
[PlyCount "123"]
[WhiteFideId "1270339"]
[BlackFideId "1271769"]
[EventCountry "GER"]
[EventRounds "7"]
[EventType "team-swiss"]
[EventDate "2012.09.28"]

1. e4 e5 2. Nf3 Nc6 3. Bb5 d6 4. d4 exd4 5. Nxd4 Bd7 6. Nc3 Ne5 7. O-O Nf6 8.
h3 a6 9. Be2 Be7 10. f4 Nc6 11. Nb3 O-O 12. Be3 Ne8 13. Bc4 Kh8 14. Nd5 f5 15.
Bd3 Nf6 16. Nxf6 Bxf6 17. c3 Be7 18. Nd4 Nxd4 19. Bxd4 Bf6 20. e5 Be7 21. Re1
Bh4 22. Re2 Be8 23. Qc2 Bg6 24. exd6 Qxd6 25. Rf1 Rad8 26. b4 Bg3 27. Bc5 Qxd3
28. Qxd3 Rxd3 29. Bxf8 Bh5 30. Re7 g6 31. Bg7+ Kg8 32. Bd4 Be2 33. Rxe2 Kf7 34.
Re3 Rxe3 35. Bxe3 Bh4 36. Rd1 Ke8 37. a4 Be7 38. Kf2 Bd6 39. Kf3 Kf7 40. g4 Ke6
41. gxf5+ Kxf5 42. Rb1 h6 43. c4 h5 44. c5 Be7 45. b5 a5 46. b6 c6 47. Rd1 Ke6
48. Ke4 Bh4 49. Rd6+ Ke7 50. Rxg6 Bf6 51. Bd4 Bxd4 52. Kxd4 h4 53. Rg7+ Ke6 54.
Rxb7 Kf5 55. Rf7+ Ke6 56. Ra7 Kf5 57. Rxa5 Ke6 58. b7 Kd7 59. b8=Q Ke7 60. Qd6+
Kf7 61. Ra7+ Ke8 62. Qe7# 1-0

[Event "Deutsche Ländermeisterschaft 2012"]
[Site "Hannover GER"]
[Date "2012.09.29"]
[Round "1"]
[White "Ruff, Maximilian"]
[Black "Mertens, Fridolin"]
[Result "0-1"]
[Termination "normal"]
[Board "4.1"]
[WhiteTitle "16"]
[BlackTitle "18"]
[WhiteElo "2099"]
[BlackElo "2040"]
[WhiteTeam "Baden"]
[BlackTeam "Sachsen-Anhalt"]
[PlyCount "62"]
[WhiteFideId "1271670"]
[BlackFideId "24671940"]
[EventCountry "GER"]
[EventRounds "7"]
[EventType "team-swiss"]
[EventDate "2012.09.28"]

1. e4 c5 2. c3 Nf6 3. e5 Nd5 4. d4 e6 5. Nf3 Nc6 6. c4 Ndb4 7. d5 Nd4 8. Nxd4
cxd4 9. Be2 exd5 10. a3 d3 11. Bxd3 Nxd3+ 12. Qxd3 dxc4 13. Qxc4 Qa5+ 14. Qc3
Qb5 15. a4 Qa6 16. Be3 Be7 17. Bc5 Qc6 18. Bxe7 Qxg2 19. Bd6 Qxh1+ 20. Kd2 b6
21. Qd4 Bb7 22. Na3 Qxa1 23. e6 dxe6 24. Qxg7 Rc8 25. Qxh8+ Kd7 26. Qd4 Qc1+
27. Ke2 Ba6+ 28. Kf3 Qh1+ 29. Kg3 Rg8+ 30. Kh4 Qd5 31. Qf6 Kxd6 0-1

[Event "Deutsche Ländermeisterschaft 2012"]
[Site "Hannover GER"]
[Date "2012.09.29"]
[Round "1"]
[White "Mertens, Pauline"]
[Black "Becker, Matthias"]
[Result "1-0"]
[Termination "normal"]
[Board "4.2"]
[WhiteTitle "20w"]
[BlackTitle "18"]
[WhiteElo "2036"]
[BlackElo "2024"]
[WhiteTeam "Sachsen-Anhalt"]
[BlackTeam "Baden"]
[PlyCount "55"]
[WhiteFideId "24671959"]
[BlackFideId "12915564"]
[EventCountry "GER"]
[EventRounds "7"]
[EventType "team-swiss"]
[EventDate "2012.09.28"]

1. e4 d6 2. d4 Nf6 3. Nc3 e5 4. Nf3 Nbd7 5. Bc4 Be7 6. O-O O-O 7. Bg5 a6 8. a4
b6 9. Re1 Bb7 10. Ba2 c6 11. Qd2 Qc7 12. Rad1 Rad8 13. Nh4 exd4 14. Qxd4 Ne5
15. Nf5 Bc8 16. Nxe7+ Qxe7 17. Qxb6 h6 18. Bh4 Bg4 19. Rb1 Qd7 20. Qe3 Bh5 21.
Qg3 Qg4 22. Qxg4 Bxg4 23. Re3 g5 24. Bg3 Bh5 25. f4 gxf4 26. Bxf4 Neg4 27. Rg3
Bg6 28. h3 1-0

[Event "Deutsche Ländermeisterschaft 2012"]
[Site "Hannover GER"]
[Date "2012.09.29"]
[Round "1"]
[White "Frey, Alisa"]
[Black "Zimmermann, Christian"]
[Result "1-0"]
[Termination "normal"]
[Board "4.3"]
[WhiteTitle "20w"]
[BlackTitle "16"]
[WhiteElo "2005"]
[BlackElo "1930"]
[WhiteTeam "Baden"]
[BlackTeam "Sachsen-Anhalt"]
[PlyCount "105"]
[WhiteFideId "24634662"]
[BlackFideId "24692069"]
[EventCountry "GER"]
[EventRounds "7"]
[EventType "team-swiss"]
[EventDate "2012.09.28"]

1. e4 c5 2. Nf3 d6 3. d4 cxd4 4. Nxd4 Nf6 5. Nc3 g6 6. Be3 Bg7 7. f3 O-O 8. Qd2
Nc6 9. O-O-O d5 10. Qe1 e6 11. h4 h5 12. Be2 Qe7 13. g4 Nxd4 14. Bxd4 e5 15. g5
exd4 16. gxf6 Qxf6 17. Nxd5 Qe5 18. Bd3 Be6 19. f4 Bh6 20. Kb1 Bxf4 21. Nxf4
Qxf4 22. Qb4 Qe5 23. Rhg1 Bg4 24. Rdf1 b6 25. Bc4 Rac8 26. Qb3 Rc7 27. Bd5 Re7
28. a3 Be6 29. Rg5 Qh2 30. Qb4 Ree8 31. Qxd4 Qxh4 32. Qf6 Kh7 33. Rf4 Qe1+ 34.
Ka2 Bxd5+ 35. exd5 Qe7 36. d6 Qxf6 37. Rxf6 Kg7 38. Rf4 f5 39. Rg3 Rd8 40. Rd3
Rd7 41. c4 g5 42. Rf1 f4 43. b4 Kf6 44. c5 Rc8 45. Rd5 Rcd8 46. Rg1 Rg7 47. c6
Ke6 48. Rgd1 Rgg8 49. d7 g4 50. c7 f3 51. cxd8=Q Rxd8 52. Rxh5 f2 53. Rf1 1-0

[Event "Deutsche Ländermeisterschaft 2012"]
[Site "Hannover GER"]
[Date "2012.09.29"]
[Round "1"]
[White "Kitze, Alexander"]
[Black "Spiegelberg, Silvia"]
[Result "1/2-1/2"]
[Termination "normal"]
[Board "4.4"]
[WhiteTitle "12"]
[BlackTitle "16w"]
[WhiteElo "1853"]
[BlackElo "1900"]
[WhiteTeam "Sachsen-Anhalt"]
[BlackTeam "Baden"]
[PlyCount "98"]
[WhiteFideId "12914827"]
[BlackFideId "24654450"]
[EventCountry "GER"]
[EventRounds "7"]
[EventType "team-swiss"]
[EventDate "2012.09.28"]

1. e4 e5 2. Nf3 Nc6 3. Bc4 Bc5 4. O-O Nf6 5. d4 exd4 6. e5 d5 7. exf6 dxc4 8.
Re1+ Be6 9. Ng5 Qd5 10. Nc3 Qf5 11. Nce4 Bf8 12. fxg7 Bxg7 13. Ng3 Qg6 14. Nxe6
fxe6 15. Qe2 d3 16. cxd3 cxd3 17. Qxe6+ Qxe6 18. Rxe6+ Kf7 19. Re3 Rhd8 20. Bd2
Bxb2 21. Rb1 Bd4 22. Rf3+ Kg8 23. Nf5 b6 24. Nh6+ Kg7 25. Rf7+ Kg6 26. Rf5 Bf6
27. Rf3 Be5 28. Nf7 Re8 29. Rc1 Nd4 30. Nxe5+ Rxe5 31. Rg3+ Kf6 32. Kf1 c5 33.
Rxd3 Ke6 34. Rd1 Rh5 35. h3 Rf8 36. Bc3 Rhf5 37. Bxd4 cxd4 38. f3 Ra5 39. Rxd4
Rxa2 40. Re4+ Kf5 41. Rd5+ Kg6 42. Rd6+ Rf6 43. Rg4+ Kf5 44. Rd5+ Ke6 45. Rgd4
Ra1+ 46. Kf2 Ra2+ 47. Kf1 Ra1+ 48. Kf2 Ra2+ 49. Kf1 Ra1+ 1/2-1/2

[Event "Deutsche Ländermeisterschaft 2012"]
[Site "Hannover GER"]
[Date "2012.09.29"]
[Round "1"]
[White "Riehle, Marco"]
[Black "Pallas, Sebastian"]
[Result "1-0"]
[Termination "normal"]
[Board "4.5"]
[WhiteTitle "14"]
[BlackTitle "12"]
[WhiteElo "1818"]
[BlackElo "1824"]
[WhiteTeam "Baden"]
[BlackTeam "Sachsen-Anhalt"]
[PlyCount "79"]
[WhiteFideId "12904392"]
[BlackFideId "12905453"]
[EventCountry "GER"]
[EventRounds "7"]
[EventType "team-swiss"]
[EventDate "2012.09.28"]

1. e4 c5 2. Nf3 d6 3. d4 cxd4 4. Nxd4 Nf6 5. Nc3 a6 6. f3 e6 7. Be3 h5 8. Qd2
Qc7 9. O-O-O Nbd7 10. Rg1 b5 11. Re1 Bb7 12. Bg5 Be7 13. h3 h4 14. Kb1 b4 15.
Nd1 d5 16. g4 hxg3 17. Bf4 e5 18. Bxg3 Qb6 19. exd5 Kf8 20. Bxe5 Nxe5 21. Rxe5
Bc5 22. Qg2 Rh7 23. Ne6+ fxe6 24. dxe6 Ke7 25. Bd3 Bxg1 26. Bxh7 Qd4 27. Qxg7+
Kd6 28. Re1 Nh5 29. Qxb7 Qa7 30. Qe4 Nf6 31. Qd3+ Ke7 32. Qg6 Bd4 33. Qf7+ Kd6
34. e7 Qd7 35. Qc4 Be5 36. Qxb4+ Kd5 37. Ne3+ Ke6 38. Nc4 Nd5 39. Qd2 Nc3+ 40.
Qxc3 1-0

[Event "Deutsche Ländermeisterschaft 2012"]
[Site "Hannover GER"]
[Date "2012.09.29"]
[Round "1"]
[White "Heinemann, Josefine"]
[Black "Martin, Julian"]
[Result "1-0"]
[Termination "normal"]
[Board "4.6"]
[WhiteTitle "14w"]
[BlackTitle "12"]
[WhiteElo "1871"]
[BlackElo "1784"]
[WhiteTeam "Sachsen-Anhalt"]
[BlackTeam "Baden"]
[PlyCount "53"]
[WhiteFideId "12900460"]
[BlackFideId "12941000"]
[EventCountry "GER"]
[EventRounds "7"]
[EventType "team-swiss"]
[EventDate "2012.09.28"]

1. e4 d5 2. exd5 Qxd5 3. Nc3 Qd6 4. d4 c6 5. Nf3 Bf5 6. Ne5 h5 7. Bc4 e6 8. Bf4
Qb4 9. Bb3 Nf6 10. a3 Qa5 11. Qe2 Be7 12. O-O-O b5 13. d5 exd5 14. Nf3 Qd8 15.
Rhe1 Kf8 16. Nd4 Bd7 17. Bc7 Qxc7 18. Qxe7+ Kg8 19. Ndxb5 cxb5 20. Nxd5 Nxd5
21. Bxd5 Qf4+ 22. Kb1 Bc6 23. Bxf7+ Kh7 24. Re5 g6 25. Bxg6+ Kxg6 26. Rd6+ Qf6
27. Rxf6# 1-0

[Event "Deutsche Ländermeisterschaft 2012"]
[Site "Hannover GER"]
[Date "2012.09.29"]
[Round "1"]
[White "Wiesner, Paula"]
[Black "Stein, Robert"]
[Result "1-0"]
[Termination "normal"]
[Board "4.7"]
[WhiteTitle "14w"]
[BlackTitle "12"]
[WhiteElo "1810"]
[BlackElo "1644"]
[WhiteTeam "Baden"]
[BlackTeam "Sachsen-Anhalt"]
[PlyCount "149"]
[WhiteFideId "24654019"]
[BlackFideId "12921084"]
[EventCountry "GER"]
[EventRounds "7"]
[EventType "team-swiss"]
[EventDate "2012.09.28"]

1. d4 d5 2. c4 e6 3. Nc3 Nf6 4. cxd5 exd5 5. Bg5 Be7 6. e3 O-O 7. Qc2 c6 8. Bd3
h6 9. Bf4 Nbd7 10. Nf3 Nb6 11. Ne5 Ng4 12. Nxg4 Bxg4 13. f3 Be6 14. O-O-O Rc8
15. Kb1 c5 16. Be5 cxd4 17. Bxd4 Nc4 18. f4 Bg4 19. Rde1 Bb4 20. f5 Bxc3 21.
Bxc3 f6 22. Bxc4 Rxc4 23. h3 Bh5 24. g4 Be8 25. Qd3 Re4 26. Reg1 Bc6 27. h4 Qe7
28. Bd4 a6 29. Qd2 Qd7 30. Ka1 Kh7 31. Qg2 Bb5 32. g5 Qxf5 33. gxf6 g6 34. Rh3
Rxd4 35. exd4 Rxf6 36. Rhh1 Qf3 37. Qxf3 Rxf3 38. Re1 Rf7 39. Re5 Bc6 40. Rg1
h5 41. Reg5 Rf6 42. a3 a5 43. b4 axb4 44. axb4 Rd6 45. Re5 Rd7 46. Re6 Rg7 47.
Rg5 Bd7 48. Rd6 Bc6 49. Re6 Rg8 50. b5 Bxb5 51. Rxd5 Bc6 52. Rg5 Rd8 53. Rgxg6
Rxd4 54. Rh6+ Kg7 55. Rxh5 Rd2 56. Rg5+ Kh7 57. h5 Rh2 58. Rd6 Bf3 59. Re5 Rg2
60. Ree6 Rg7 61. h6 Rc7 62. Kb2 Bc6 63. Rf6 Re7 64. Kc3 Bb5 65. Kd4 Bc6 66.
Rfe6 Rc7 67. Ke5 Rf7 68. Rf6 Re7+ 69. Kf4 Rc7 70. Kg5 Re7 71. Rfe6 Rf7 72. Rd8
Rc7 73. Rf6 Re7 74. Rff8 Re5+ 75. Kf6 1-0

[Event "Deutsche Ländermeisterschaft 2012"]
[Site "Hannover GER"]
[Date "2012.09.29"]
[Round "1"]
[White "Cejda, Cecilia"]
[Black "Lohrmann, Tabea"]
[Result "1/2-1/2"]
[Termination "normal"]
[Board "4.8"]
[WhiteTitle "12w"]
[BlackTitle "12w"]
[WhiteElo "1495"]
[BlackElo "1449"]
[WhiteTeam "Sachsen-Anhalt"]
[BlackTeam "Baden"]
[PlyCount "150"]
[WhiteFideId "12921122"]
[BlackFideId "12911941"]
[EventCountry "GER"]
[EventRounds "7"]
[EventType "team-swiss"]
[EventDate "2012.09.28"]

1. e4 e5 2. Nf3 Nc6 3. Bc4 Bc5 4. c3 Nf6 5. d4 exd4 6. cxd4 Bb4+ 7. Bd2 Bxd2+
8. Nbxd2 d5 9. exd5 Nxd5 10. O-O O-O 11. Ne4 Re8 12. Nc3 Be6 13. Ne4 Bg4 14.
Nc5 b6 15. Nb3 Qd6 16. Rc1 a6 17. Be2 Nf4 18. Re1 Nxe2+ 19. Rxe2 Bxf3 20. Rxe8+
Rxe8 21. Qxf3 Nxd4 22. Nxd4 Qxd4 23. Qc6 Rd8 24. h3 Qd6 25. Qxc7 Qxc7 26. Rxc7
Kf8 27. Rc6 Rb8 28. Rc7 Ke8 29. Kf1 Rd8 30. Rc6 Ke7 31. Rxb6 Rd6 32. Rb7+ Ke6
33. Ke2 Rd7 34. Rb8 Ra7 35. Rh8 h6 36. Rg8 Rb7 37. b3 g6 38. g4 h5 39. gxh5
gxh5 40. Rh8 Rb5 41. Ra8 a5 42. Kd3 Kd5 43. Rf8 Ke6 44. Kc4 Rb4+ 45. Kd3 Rh4
46. Rh8 Rxh3+ 47. Ke2 Kf5 48. Ra8 h4 49. Rxa5+ Ke6 50. Rh5 f5 51. b4 Rh1 52. b5
Rb1 53. Rxh4 Rxb5 54. Ra4 Rb2+ 55. Kf3 Ke5 56. Ra5+ Kf6 57. Ra7 Rb4 58. a4 Rb3+
59. Ke2 Ra3 60. Kd2 f4 61. Kc1 Ra2 62. Kd1 Rxf2 63. a5 f3 64. Ke1 Re2+ 65. Kf1
Kg5 66. Rf7 Kg4 67. a6 Ra2 68. a7 Kg3 69. Rg7+ Kf4 70. Rf7+ Ke3 71. Kg1 Ra1+
72. Kh2 f2 73. Kg2 Rg1+ 74. Kh2 Rg8 75. Re7+ Kf3 1/2-1/2

[Event "Deutsche Ländermeisterschaft 2012"]
[Site "Hannover GER"]
[Date "2012.09.29"]
[Round "1"]
[White "Krause, Benedict"]
[Black "Carow, Johannes"]
[Result "0-1"]
[Termination "normal"]
[Board "5.1"]
[WhiteTitle "16"]
[BlackTitle "16"]
[WhiteElo "2074"]
[BlackElo "2245"]
[WhiteTeam "Schleswig-Holstein"]
[BlackTeam "Rheinland-Pfalz"]
[PlyCount "126"]
[WhiteFideId "12917990"]
[BlackFideId "24692050"]
[EventCountry "GER"]
[EventRounds "7"]
[EventType "team-swiss"]
[EventDate "2012.09.28"]

1. e4 c5 2. Nf3 e6 3. d3 Nc6 4. g3 Nge7 5. Bg2 g6 6. O-O Bg7 7. c3 e5 8. Be3 d6
9. Nh4 O-O 10. f4 exf4 11. gxf4 f5 12. Nd2 Be6 13. Qc2 Qd7 14. Rad1 Rae8 15.
Nhf3 h6 16. Rfe1 b6 17. Nf1 Qc8 18. Ng3 fxe4 19. dxe4 d5 20. Nh4 d4 21. Bd2 Bg4
22. Rc1 Bh3 23. e5 Bxg2 24. Kxg2 Qe6 25. c4 Qg4 26. Nf3 Nf5 27. Qe4 Nce7 28.
Rg1 Ne3+ 29. Bxe3 dxe3 30. Qxe3 Rxf4 31. Qd3 Ref8 32. Rcf1 Qc8 33. Ne2 Qg4+ 34.
Ng3 Qe6 35. Qd6 Qxd6 36. exd6 Nc6 37. b3 Rd8 38. Rd1 Nd4 39. Nxd4 Bxd4 40. Rgf1
Rxf1 41. Rxf1 Rxd6 42. h4 Rf6 43. Rxf6 Bxf6 44. h5 Be5 45. Ne4 gxh5 46. Kf3 Kf7
47. Nf2 Ke6 48. Ke4 h4 49. Nh3 Bg3 50. Ng1 Kf6 51. a3 Kg5 52. Kf3 Kf5 53. Nh3
Be5 54. Nf2 Bb2 55. a4 h5 56. Nh3 Ke5 57. Ke3 Bc1+ 58. Kd3 Kf5 59. Nf2 Kf4 60.
Ke2 Kg3 61. Kf1 h3 62. Ne4+ Kf3 63. Nf2 h2 0-1

[Event "Deutsche Ländermeisterschaft 2012"]
[Site "Hannover GER"]
[Date "2012.09.29"]
[Round "1"]
[White "Marx, Joschka"]
[Black "Stahnecker, Ludwig"]
[Result "1-0"]
[Termination "normal"]
[Board "5.3"]
[WhiteTitle "20"]
[BlackTitle "16"]
[WhiteElo "2034"]
[BlackElo "2110"]
[WhiteTeam "Schleswig-Holstein"]
[BlackTeam "Rheinland-Pfalz"]
[PlyCount "111"]
[WhiteFideId "24645869"]
[BlackFideId "24692026"]
[EventCountry "GER"]
[EventRounds "7"]
[EventType "team-swiss"]
[EventDate "2012.09.28"]

1. c4 Nf6 2. Nc3 e6 3. g3 d5 4. Bg2 c6 5. cxd5 exd5 6. d4 Bd6 7. Nf3 Nbd7 8.
O-O O-O 9. a3 a5 10. Bf4 Qc7 11. Bxd6 Qxd6 12. Qc2 Re8 13. e3 b5 14. Rfc1 Ba6
15. Rab1 Nb6 16. Ne5 Nfd7 17. Nxd7 Qxd7 18. Ne2 Nc4 19. Nf4 b4 20. axb4 axb4
21. Ra1 Bb5 22. b3 Na3 23. Qc5 h6 24. Bf1 Bxf1 25. Kxf1 Rec8 26. Nd3 Qb7 27.
Nxb4 Kh7 28. Nc2 Nb5 29. Kg1 Nc7 30. Nb4 Ne6 31. Qc2+ g6 32. Rxa8 Rxa8 33. Qxc6
Qxc6 34. Rxc6 Rb8 35. Nxd5 Rxb3 36. Rb6 Ra3 37. h4 Ra5 38. Nf6+ Kg7 39. Ne4 Rd5
40. Rd6 Ra5 41. Rd7 Nf8 42. Rb7 Rd5 43. Nc5 g5 44. hxg5 hxg5 45. Kg2 Kg6 46.
Kf3 Rf5+ 47. Ke2 g4 48. Rb6+ f6 49. e4 Rf3 50. e5 Kf7 51. e6+ Ke8 52. d5 Rc3
53. Ne4 Rf3 54. Rb8+ Ke7 55. Rb7+ Ke8 56. Nd6+ 1-0

[Event "Deutsche Ländermeisterschaft 2012"]
[Site "Hannover GER"]
[Date "2012.09.29"]
[Round "1"]
[White "Perske, Thore"]
[Black "Marx, Inga"]
[Result "1-0"]
[Termination "normal"]
[Board "5.4"]
[WhiteTitle "14"]
[BlackTitle "18w"]
[WhiteElo "2056"]
[BlackElo "1785"]
[WhiteTeam "Rheinland-Pfalz"]
[BlackTeam "Schleswig-Holstein"]
[PlyCount "101"]
[WhiteFideId "12902195"]
[BlackFideId "4654749"]
[EventCountry "GER"]
[EventRounds "7"]
[EventType "team-swiss"]
[EventDate "2012.09.28"]

1. e4 c6 2. d4 g6 3. Nc3 d5 4. h3 Bg7 5. Nf3 dxe4 6. Nxe4 Nd7 7. Bd3 Ngf6 8.
Qe2 Nxe4 9. Bxe4 Nf6 10. Bd3 O-O 11. O-O Bf5 12. Bf4 Nd5 13. Bg3 Bxd3 14. Qxd3
Nc7 15. Rad1 Ne6 16. Rfe1 Rc8 17. Qb3 Qb6 18. c3 Qxb3 19. axb3 Rcd8 20. Kf1
Rfe8 21. b4 a6 22. Nd2 Bh6 23. Nb3 Kf8 24. Re4 Bg7 25. Rde1 h6 26. f3 Bf6 27.
Kf2 h5 28. Be5 Bxe5 29. Rxe5 Rd7 30. Ke3 Red8 31. g3 Rd6 32. Kd3 R8d7 33. f4
Ng7 34. Nc5 Rc7 35. g4 e6 36. Ne4 Rd8 37. Ng3 hxg4 38. hxg4 f6 39. R5e3 c5 40.
bxc5 Rxc5 41. Ne4 Rb5 42. Nxf6 Rxb2 43. Nh7+ Ke7 44. Ng5 Rd6 45. Rh1 Rc6 46.
Rh7 Kf6 47. Rh8 Ke7 48. Rg8 Ne8 49. Rxg6 Nf6 50. Rg7+ Ke8 51. Rh3 1-0

[Event "Deutsche Ländermeisterschaft 2012"]
[Site "Hannover GER"]
[Date "2012.09.29"]
[Round "1"]
[White "Kololli, Kevin"]
[Black "Carow, Annelen"]
[Result "0-1"]
[Termination "normal"]
[Board "5.5"]
[WhiteTitle "12"]
[BlackTitle "20w"]
[WhiteElo "1860"]
[BlackElo "1968"]
[WhiteTeam "Schleswig-Holstein"]
[BlackTeam "Rheinland-Pfalz"]
[PlyCount "96"]
[WhiteFideId "12936863"]
[BlackFideId "24692492"]
[EventCountry "GER"]
[EventRounds "7"]
[EventType "team-swiss"]
[EventDate "2012.09.28"]

1. e4 c5 2. Nf3 e6 3. d4 cxd4 4. Nxd4 a6 5. Nc3 Qc7 6. Be3 Bb4 7. Qd2 Nf6 8. f3
d5 9. e5 Qxe5 10. O-O-O Qc7 11. Bf4 Qe7 12. Re1 Nh5 13. Nf5 Qd7 14. Be5 O-O 15.
Nxg7 Nxg7 16. Bxg7 Kxg7 17. Qd4+ f6 18. Qg4+ Kf7 19. Qxb4 Nc6 20. Qh4 Kg8 21.
Bd3 Qg7 22. Ne2 Ne5 23. Nf4 Bd7 24. Kb1 Nxd3 25. Nxd3 Rac8 26. Nf4 Rc6 27. Re2
Qf7 28. Rhe1 e5 29. g4 exf4 30. Re7 Qg6 31. Qf2 Rf7 32. Qd2 Rxe7 33. Rxe7 Be6
34. h4 Qh6 35. h5 Qg5 36. Qa5 b6 37. Qxa6 Qe5 38. Qf1 Qd6 39. Ra7 Qc5 40. Qd1
b5 41. Ra8+ Rc8 42. Ra6 Rc6 43. Ra8+ Bc8 44. a3 Qc4 45. h6 d4 46. b3 Qc3 47.
Rb8 Re6 48. Ra8 Kf7 0-1

[Event "Deutsche Ländermeisterschaft 2012"]
[Site "Hannover GER"]
[Date "2012.09.29"]
[Round "1"]
[White "Schwarz, Larissa"]
[Black "Janke, Hendrik"]
[Result "0-1"]
[Termination "normal"]
[Board "5.6"]
[WhiteTitle "14w"]
[BlackTitle "14"]
[WhiteElo "1900"]
[BlackElo "1787"]
[WhiteTeam "Rheinland-Pfalz"]
[BlackTeam "Schleswig-Holstein"]
[PlyCount "62"]
[WhiteFideId "24699004"]
[BlackFideId "12921831"]
[EventCountry "GER"]
[EventRounds "7"]
[EventType "team-swiss"]
[EventDate "2012.09.28"]

1. e4 e5 2. Nf3 Nc6 3. Bb5 a6 4. Ba4 b5 5. Bb3 d6 6. O-O Bg4 7. d3 Be7 8. c3
Nf6 9. Re1 Qd7 10. Nbd2 O-O 11. Nf1 Rab8 12. Ne3 Be6 13. Nd5 h6 14. d4 Bg4 15.
Nxe7+ Qxe7 16. Be3 Na5 17. Bc2 Nc4 18. Bc1 c5 19. d5 Nd7 20. b3 Ncb6 21. Be3 f5
22. h3 Bxf3 23. Qxf3 fxe4 24. Qxe4 Nf6 25. Qg6 Qf7 26. Qg3 Nbxd5 27. Bxh6 Nh5
28. Qd3 gxh6 29. Re4 Qxf2+ 30. Kh2 Ndf4 31. Rxf4 Qxf4+ 0-1

[Event "Deutsche Ländermeisterschaft 2012"]
[Site "Hannover GER"]
[Date "2012.09.29"]
[Round "1"]
[White "Rosmait, Emily"]
[Black "Muckle, Julius"]
[Result "0-1"]
[Termination "normal"]
[Board "5.7"]
[WhiteTitle "14w"]
[BlackTitle "12"]
[WhiteElo "1634"]
[BlackElo "1760"]
[WhiteTeam "Schleswig-Holstein"]
[BlackTeam "Rheinland-Pfalz"]
[PlyCount "82"]
[WhiteFideId "12937754"]
[BlackFideId "12942430"]
[EventCountry "GER"]
[EventRounds "7"]
[EventType "team-swiss"]
[EventDate "2012.09.28"]

1. e4 e6 2. d3 d5 3. Nd2 Nf6 4. g3 c5 5. Bg2 Nc6 6. Ngf3 Be7 7. O-O O-O 8. Re1
d4 9. e5 Nd7 10. Qe2 Qc7 11. a4 b6 12. Nc4 Ba6 13. Bf4 Rab8 14. h4 b5 15. axb5
Bxb5 16. b3 Nb4 17. h5 Nd5 18. Bd2 h6 19. Kh2 Bc6 20. Rh1 N7b6 21. Kg1 Nxc4 22.
dxc4 Nb4 23. Bf4 Rfd8 24. Rd1 a5 25. Kh2 a4 26. bxa4 Bxa4 27. Rd2 Bxc2 28. Rxc2
d3 29. Qe3 dxc2 30. g4 Rd1 31. Qc3 Bg5 32. Nxg5 hxg5 33. Bxg5 f6 34. Bf4 Nd3
35. Qxc2 Rxh1+ 36. Kxh1 Nxf4 37. exf6 Nxg2 38. Kxg2 Qf4 39. f3 Qxf6 40. Kg3
Qe5+ 41. f4 Qe3+ 0-1

[Event "Deutsche Ländermeisterschaft 2012"]
[Site "Hannover GER"]
[Date "2012.09.29"]
[Round "1"]
[White "Sanati, Charlotte"]
[Black "Köhler, Inken"]
[Result "0-1"]
[Termination "normal"]
[Board "5.8"]
[WhiteTitle "12w"]
[BlackTitle "12w"]
[WhiteElo "1607"]
[BlackElo "1459"]
[WhiteTeam "Rheinland-Pfalz"]
[BlackTeam "Schleswig-Holstein"]
[PlyCount "142"]
[WhiteFideId "12907707"]
[BlackFideId "12929301"]
[EventCountry "GER"]
[EventRounds "7"]
[EventType "team-swiss"]
[EventDate "2012.09.28"]

1. e4 e5 2. Nf3 Nc6 3. Bb5 a6 4. Ba4 Nf6 5. O-O Be7 6. Re1 b5 7. Bb3 O-O 8. c3
d6 9. h3 Bb7 10. d4 exd4 11. cxd4 Re8 12. Nbd2 Bf8 13. d5 Ne5 14. Bc2 Nfd7 15.
Nd4 Qf6 16. Nf1 Nc5 17. Nf5 Nc4 18. Rb1 g6 19. N5g3 Bg7 20. b3 Ne5 21. f4 Ned7
22. Qd2 Qd4+ 23. Kh1 Qxd2 24. Bxd2 Nf6 25. Nh2 Re7 26. Re2 Rae8 27. Rbe1 h5 28.
Nf3 Bh6 29. Kh2 Kh7 30. Bc3 Ng8 31. f5 Bg7 32. Bxg7 Kxg7 33. fxg6 fxg6 34. Nd4
Re5 35. b4 Nd7 36. Ne6+ Kf7 37. Rf1+ Ngf6 38. Nxc7 Rc8 39. Ne6 Bxd5 40. exd5
Rxe2 41. Bxg6+ Kxg6 42. Nf4+ Kg5 43. Ngxe2 Rc2 44. Nc1 Nb6 45. Ne6+ Kg6 46. Nd4
Rc4 47. Nf5 Nbxd5 48. Nxd6 Rxb4 49. Nd3 Ra4 50. Rf2 Kh7 51. Nc5 Ra3 52. Nb3 Ra4
53. Nb7 Ne4 54. Rf5 Ndf6 55. Nc1 Kg6 56. Rf3 Rc4 57. Nb3 Ra4 58. Nc1 Kg5 59.
Rd3 Rc4 60. Nb3 Rc2 61. a3 Ra2 62. Nd4 Nf2 63. Rf3 h4 64. Ne6+ Kg6 65. Nc7 N6e4
66. Nxa6 Ra1 67. g3 Rh1+ 68. Kg2 hxg3 69. Re3 Rh2+ 70. Kg1 Nxh3+ 71. Kf1 g2+
0-1

[Event "Deutsche Ländermeisterschaft 2012"]
[Site "Hannover GER"]
[Date "2012.09.29"]
[Round "1"]
[White "Krassowizkij, Jaroslaw"]
[Black "Schulenburg, Torben"]
[Result "1-0"]
[Termination "normal"]
[Board "6.1"]
[WhiteTitle "20"]
[BlackTitle "20"]
[WhiteElo "2411"]
[BlackElo "2060"]
[WhiteTeam "Württemberg"]
[BlackTeam "Hamburg"]
[PlyCount "61"]
[WhiteFideId "1271703"]
[BlackFideId "24648558"]
[EventCountry "GER"]
[EventRounds "7"]
[EventType "team-swiss"]
[EventDate "2012.09.28"]

1. c4 Nf6 2. d4 g6 3. Nc3 Bg7 4. e4 d6 5. Nf3 O-O 6. Be2 c6 7. O-O Nbd7 8. Re1
e5 9. Bf1 Qc7 10. h3 exd4 11. Nxd4 Re8 12. Bf4 Nc5 13. Qc2 a5 14. Rad1 Bf8 15.
Nb3 Nfd7 16. Nxc5 Nxc5 17. Qd2 Re6 18. Be2 Nxe4 19. Nxe4 Rxe4 20. c5 Be6 21. f3
Rb4 22. a3 Rb3 23. Bf1 Qd7 24. Bxd6 Bxd6 25. cxd6 Bd5 26. Qf4 Re8 27. Bc4 Rxe1+
28. Rxe1 Bxc4 29. Qxc4 a4 30. Re7 Qf5 31. Qd4 1-0

[Event "Deutsche Ländermeisterschaft 2012"]
[Site "Hannover GER"]
[Date "2012.09.29"]
[Round "1"]
[White "Hinrichs, Jan"]
[Black "Kvetny, Mark"]
[Result "1/2-1/2"]
[Termination "normal"]
[Board "6.2"]
[WhiteTitle "18"]
[BlackTitle "16"]
[WhiteElo "2038"]
[BlackElo "2245"]
[WhiteTeam "Hamburg"]
[BlackTeam "Württemberg"]
[PlyCount "81"]
[WhiteFideId "12907294"]
[BlackFideId "24603929"]
[EventCountry "GER"]
[EventRounds "7"]
[EventType "team-swiss"]
[EventDate "2012.09.28"]

1. d4 Nf6 2. c4 e6 3. g3 c5 4. d5 exd5 5. cxd5 d6 6. Nc3 g6 7. Bg2 Bg7 8. Nf3
O-O 9. O-O Re8 10. h3 Nbd7 11. a4 a6 12. Nd2 Nh5 13. Nce4 Ne5 14. f4 f5 15.
fxe5 fxe4 16. e6 Nxg3 17. Rf7 Bd4+ 18. e3 Bxe3+ 19. Kh2 Bxe6 20. dxe6 Rxe6 21.
Nxe4 Nxe4 22. Bxe3 Kxf7 23. Bxe4 Qf6 24. Bd5 Qe5+ 25. Kh1 Qxe3 26. Ra3 Qe5 27.
Qf3+ Kg7 28. Bxe6 Qxb2 29. Qf7+ Kh8 30. Rf3 Qb1+ 31. Kg2 Qb2+ 32. Rf2 Qe5 33.
Qxb7 Re8 34. Qd7 Qe4+ 35. Kg3 Qe5+ 36. Kg2 Qe4+ 37. Kh2 Qe5+ 38. Kg1 Qe1+ 39.
Rf1 Qe3+ 40. Kg2 Qe4+ 41. Kg3 1/2-1/2